000 01099nam a2200265Ia 4500
003 OSt
005 20221005105202.0
006 a|||||r|||| 00| 0
007 ta
008 221004b |||||||| |||| 00| 0 hin d
020 _a8179751678 (hbk)
_c650
024 _a102434
037 _b416, 23/03/2010, Swaraj Prakashan
_cTextual
040 _aCRL
_cCRL
_bhin
041 _2hin
_ahin
082 _aV2.N77<-N75, 152P7
100 _aबिपन चन्द्र
245 0 _aलोकतंत्र, आपातकाल और जयप्रकाश नारायण
246 _aLokatantra, āpātakāl aur jayaprakāsh nārāyaṇa
260 _aनई दिल्ली
_bअनामिका पब्लिशर्स भारत
_c2007
300 _a372पृ0
_ccm.
700 _a एन. ए. खान ‘शाहिद’, अनु.
_9623872
942 _hV2.N77<-N75, 152P7
_cTEXL
_2cc
999 _c1015037
_d1015037